| 000 | 00553nam a2200193 a 4500 | ||
|---|---|---|---|
| 005 | 20230623063546.0 | ||
| 008 | 991125s1993 mx 000 0 spa u | ||
| 020 | _a9686044701 | ||
| 035 | _aUPN01000006163 | ||
| 049 | _aI | ||
| 050 | 4 |
_aPZ71 _bH4.2 |
|
| 100 | 1 | _aHernández Palacios, Esther | |
| 245 | 1 | 3 |
_aLa cabra que no quería comer / _cEsther Hernández Palacios. |
| 260 |
_aMéxico : _bCNCA : _bCorunda, _c1993. |
||
| 300 |
_a23 p. : _bil. |
||
| 440 | 3 | _aEl sueño del dragón | |
| 650 | 4 |
_aCuentos infantiles mexicanos _97723 |
|
| 905 | _aInfantil | ||
| 999 |
_c6163 _d6163 |
||